Diversity management : triple loop learning
Αποθηκεύτηκε σε:
| Κύριος συγγραφέας: | |
|---|---|
| Άλλοι συγγραφείς: | |
| Μορφή: | Βιβλίο |
| Γλώσσα: | English |
| Δημοσίευση: |
Chichester :
Wiley,
c1996.
|
| Θέματα: | |
| Ετικέτες: |
Προσθήκη ετικέτας
Δεν υπάρχουν, Καταχωρήστε ετικέτα πρώτοι!
|
MARC
| LEADER | 00000cam a2200000 i 4500 | ||
|---|---|---|---|
| 001 | 1/21727 | ||
| 008 | 010925s1996 enk| ||| |||| ||eng|| | ||
| 020 | |a 0471964492 | ||
| 035 | |l 10067344 | ||
| 040 | |a GR-MyUa |b gre |e AACR2 | ||
| 041 | 0 | |a eng | |
| 082 | 7 | |a 658 |2 (22) | |
| 100 | 1 | |a Flood, Robert L. | |
| 245 | 1 | 0 | |a Diversity management : |b triple loop learning / |c Robert L. Flood and Norma R. A. Romm. |
| 260 | |a Chichester : |b Wiley, |c c1996. | ||
| 300 | |a xiv, 253 σ. : |b εικ. ; |c 24 εκ. | ||
| 504 | |a Περιλαμβάνει βιβλιογραφικές παραπομπές σ. [235]-245 και ευρετήριο. | ||
| 650 | 0 | |a Comparative management. | |
| 650 | 0 | |a Organizational behavior. | |
| 700 | 1 | |a Romm, Norma R. A. | |
| 852 | |a INST |b SYROS |e 20010925 |h 658 FLO |p 005500001134 |q 005500001134 |t BK |y 0 | ||
| 852 | |a INST |b SYROS |e 20010925 |h 658 FLO |p 005500001135 |q 005500001135 |t BK |y 0 | ||
| 901 | |a BIBL5-2001-3 | ||
| 922 | |a 5ΕΛΗ |b 200108 |c ΕΠΕΑΕΚ2/183 |d Παπασωτηρίου | ||
| 970 | |a Κρητικού |b Θωμαΐς |z 25/09/2001 | ||